Statistics for Pieces of eight

Click here to take the quiz!

General Stats

  • This quiz has been taken 10 times
  • The average score is 43 of 45

Answer Stats

Answer% Correct
8
100%
602
100%
440
100%
332
100%
323
100%
503
100%
305
100%
512
100%
17
100%
521
100%
233
100%
215
100%
206
100%
161
100%
611
100%
71
100%
26
100%
35
100%
44
100%
53
100%
62
100%
80
100%
107
100%
116
100%
404
100%
422
89%
530
89%
710
89%
701
89%
620
89%
431
89%
251
89%
413
89%
350
89%
341
89%
314
89%
260
89%
242
89%
224
89%
170
89%
152
89%
143
89%
134
89%
125
89%
800
78%

Score Distribution

Percentile by Number Answered

Percent of People with Each Score

Your Score History

You have not taken this quiz